La tortuga charapa (Podocnemis expansa) en el bajo río Caquetá, Amazonas, Colombia: (Registro nro. 1474)

Detalles MARC
000 -CABECERA
Campo de control 00989nam a2200277 a 4500
005 - FECHA Y HORA DE LA ULTIMA TRANSACCION
Campo de control 20200104041521.0
008 - ELEMENTOS DE LONGITUD FIJA—INFORMACION GENERAL
Campo de control 140227b1997 ck ||||| |||| 00| 0 spa d
040 ## - FUENTE DE CATALOGACIÓN
Agencia catalogadora original CO-BoIAVH
Agencia transcriptora CO-BoIAVH
041 ## - IDIOMA
Código de idioma para texto/pista de sonido o título separado Español
044 ## - PAÍS DE PUBLICACIÓN
País de publicación Colombia
082 ## - NUMERO DE CLASIFICACION DECIMAL DEWEY
Número de clasificación 639.392
Número del ítem H64t
100 1# - ASIENTO PRINCIPAL--NOMBRE PERSONAL
Nombre personal Hildebrand, Patricio von
9 (RLIN) 12430
245 23 - MENCION DE TITULO
Título La tortuga charapa (Podocnemis expansa) en el bajo río Caquetá, Amazonas, Colombia:
Parte restante del título aspectos de la biología reproductiva y técnicas para su manejo
260 ## - PUBLICACION, DISTRIBUCION, ETC. (PIE DE IMPRENTA)
Lugar de publicación, distribución, etc. Bogotá
Nombre del editor, distribuidor, etc. Unión Europea
-- COAMA
Fecha de publicación, distribución, etc. 1997
300 ## - DESCRIPCION FISICA
Extensión 152 p.
650 ## - ASIENTO SECUNDARIO DE MATERIA - TERMINO TEMATICO
Término temático o nombre geográfico como elemento de entrada Biología reproductiva
9 (RLIN) 3705
650 ## - ASIENTO SECUNDARIO DE MATERIA - TERMINO TEMATICO
Término temático o nombre geográfico como elemento de entrada Manejo de biodiversidad
9 (RLIN) 2614
650 ## - ASIENTO SECUNDARIO DE MATERIA - TERMINO TEMATICO
Término temático o nombre geográfico como elemento de entrada Distribución geográfica
9 (RLIN) 81681
650 ## - ASIENTO SECUNDARIO DE MATERIA - TERMINO TEMATICO
Término temático o nombre geográfico como elemento de entrada Tráfico de especies
9 (RLIN) 6276
650 ## - ASIENTO SECUNDARIO DE MATERIA - TERMINO TEMATICO
Término temático o nombre geográfico como elemento de entrada Conocimiento tradicional
9 (RLIN) 81682
650 ## - ASIENTO SECUNDARIO DE MATERIA - TERMINO TEMATICO
Término temático o nombre geográfico como elemento de entrada Conservación de biodiversidad
9 (RLIN) 345
662 ## - ASIENTO SECUNDARIO DE MATERIA - JERARQUIA DEL NOMBRE DE LUGAR(
País o entidad mayor Colombia
Jurisdicción política intermedia Río Caquetá
Jurisdicción política de primer orden Amazonas
700 ## - ASIENTO SECUNDARIO - NOMBRE PERSONAL
Nombre personal Bermúdez, Nicolás
9 (RLIN) 12457
700 ## - ASIENTO SECUNDARIO - NOMBRE PERSONAL
Nombre personal Peñuela M., María Cristina
9 (RLIN) 12458
942 ## - ELEMENTOS ADICIONALES (KOHA)
Tipo de ítem Libro
Sistema de clasificación Dewey Decimal Classification
Existencias
Withdrawn status Lost status Sistema de Clasificación Damaged status No para préstamo Colección Inventariado Ubicación Permanente Ubicación actual Fecha de adquisición Fuente de Valor Valor Total Checkouts Número topográfico Inventario / Código de Barras Date last seen Ejemplar Price effective from Forma de adquisición Tipo de material
    Dewey Decimal Classification     General Inventariado 2017 Bogotá Bogotá 21/09/2015 Instituto 39000.00   LB-639.392 H64t 002027 04/12/2012 Ej. 1 04/12/2012   Libro
    Dewey Decimal Classification     General Inventariado 2017 Sala Fabio Quevedo Sala Fabio Quevedo 22/12/2008 Instituto 39000.00   LB-639.392 H64t 026693 04/12/2012 Ej. 2 04/12/2012   Libro